00579nam a22002177a 450000500170000001000130001702000100003003500130004003700160005304000120006908200160008110000170009724500720011425000160018626000410020227000510024330000200029450000190031465000160033365000120034920170124110055.0 aA-318839 c00.00 aA-318839 bCen Lib/Ret aDPLbEN a615.89bBEA aBean, Roy E. aHelping your health with pointed pressure therapy /cby Roy E. Bean a8th rev. ed aBombaybD. B. Taraporvala Sonsc1985 bBombaya210, Dr. Dadabhai Naoroji Roade400001 a204p.c20cm(Hb) aIncludes index aAcupressure aMassage